|
|
|
|
| LEADER |
00000cam a2200000 7i4500 |
| 001 |
0000093279 |
| 005 |
20231205175750.0 |
| 020 |
|
|
|a 9781913068219 (
|q (paperback))
|
| 040 |
|
|
|e rda
|
| 041 |
|
|
|a English
|
| 090 |
0 |
0 |
|a 384.5554
|b RAN
|
| 100 |
1 |
|
|a Randolph, Marc ,
|e (author)
|
| 245 |
1 |
0 |
|a That will never work :
|b the birth of Netflix and the amazing life of an idea
|c Marc Randolph
|
| 264 |
|
1 |
|a London :
|b Octopus Publishing Group Ltd
|c 2021
|
| 300 |
|
|
|a 305 pages ;
|c 20cm.
|
| 336 |
|
|
|a text
|2 rdacontent
|
| 337 |
|
|
|a unmediated
|2 rdamedia
|
| 338 |
|
|
|a volume
|2 rdacarrier
|
| 500 |
|
|
|a Includes index
|
| 541 |
|
|
|c Purchased on 2023
|f F230775 FGS
|h RM59.25
|
| 650 |
|
0 |
|a Internet videos
|z United States
|
| 650 |
|
0 |
|a Streaming technology (Telecommunications)
|
| 650 |
|
0 |
|a Success in business
|
| 730 |
0 |
|
|a Title
|
| 999 |
|
|
|a 0001745941
|b Book
|c Adult Collection
|e Perbadanan Perpustakaan Awam Johor
|
| 999 |
|
|
|a 0001745942
|b Book
|c Adult Collection
|e Cawangan Urban Transformation Centre
|
| 999 |
|
|
|a 0001745943
|b Book
|c Adult Collection
|e Cawangan AEON Kulaijaya
|
| 999 |
|
|
|a 0001745944
|b Book
|c Adult Collection
|e Cawangan Kota Tinggi
|
| 999 |
|
|
|a 0001745945
|b Book
|c Adult Collection
|e Cawangan Muar
|
| 999 |
|
|
|a 0001745946
|b Book
|c Adult Collection
|e Cawangan Tangkak
|
| 999 |
|
|
|a 0001745947
|b Book
|c Adult Collection
|e Cawangan Bukit Gambir
|
| 999 |
|
|
|a 0001745948
|b Book
|c Adult Collection
|e Perbadanan Perpustakaan Awam Johor
|
| 999 |
|
|
|a 0001745949
|b Book
|c Adult Collection
|e Cawangan Taman Sri Lambak
|
| 999 |
|
|
|a 0001745950
|b Book
|c Adult Collection
|e Cawangan Mersing
|
| 999 |
|
|
|a 0001745951
|b Book
|c Adult Collection
|e Cawangan Tmn. Ungku Tun Aminah
|
| 999 |
|
|
|a 0001745952
|b Book
|c Adult Collection
|e Cawangan Pontian
|
| 999 |
|
|
|a 0001745953
|b Book
|c Adult Collection
|e Cawangan Segamat
|
| 999 |
|
|
|a 0001745954
|b Book
|c Adult Collection
|e Cawangan Bandar Penawar
|
| 999 |
|
|
|a 0001745955
|b Book
|c Adult Collection
|e Cawangan Bandar Tenggara
|
| 999 |
|
|
|a 0001745956
|b Book
|c Adult Collection
|e Perbadanan Perpustakaan Awam Johor
|